01769cam a22003854i 4500003000900000005001700009008004100026020001500067020001800082035002000100082001700120100003100137245010800168264008300276300006100359336002100420337002500441338002300466504003300489505068200522526001001204526001001214526001001224526001001234526000801244526000801252526000801260526000801268526000801276526000801284526000801292650004601300650001101346650002601357PE-LiUPU20250731173110.0181213s2018 miua r 001 0 eng  a1540960013 a9781540960016 a(Sirsi) a25106704a230bO392231 aOkholm, Dennis L.,eautor.10aLearning theology through the church's worship :ban introduction to Christian belief /cDennis Okholm. 1aGrand Rapids :bBaker Academic, a division of Baker Publishing Group,c[2018]. axiii, 242 páginas :bilustraciones ;c23 centímetros atext2rdacontent aunmediated2rdamedia avolume2rdacarrier aÍndice: páginas 233-242.0 aLiturgical ophthalmology, or why Christian theology and ethics begin and end with worship -- What is Christian theology? -- What are the sources for and the results of doing theology? -- Who is God? The doctrine of the Trinity -- Who Is Jesus Christ? Christology -- How did the world come into existence and what keeps it going? Creation and providence -- What is a human being? Theological anthropology -- What did Christ do for humans? Soteriology -- Who is the Holy Spirit and what does the Holy Spirit do? Pneumatology and the doctrine of sanctification -- What is the Church? Ecclesiology -- The Sacraments -- What is the future of God, humans, and the world? Eschatology. aSEG42 aSEG41 aSEG40 aSEG39 aP94 aP87 aP86 aP85 aP77 aP76 aP35 0aTeología, obras doctrinalesvPopulares. 4aCulto. 4aTeología doctrinal.